Statistiche per Elenca la formazione - Finale Europei 2016

Clicka qui per fare il quiz!

Statistiche generali

  • Questo quiz è stato fatto 42 volte
    (26 dall'ultimo reset)
  • Il punteggio medio è 15 su 22

Statistiche sulle risposte

RuoloClub dell'epocaCalciatore% Corretto
AttaccanteAtletico MadridAntoine Griezmann
96%
AttaccanteReal MadridCristiano Ronaldo
96%
PortiereTottenhamHugo Lloris
96%
CentrocampistaJuventusPaul Pogba
96%
AttaccanteArsenalOlivier Giroud
91%
DifensoreJuventusPatrice Evra
91%
DifensoreReal MadridPepe
91%
PortiereSporting LisbonaRui Patrício
91%
CentrocampistaParis Saint-GermainBlaise Matuidi
78%
CentrocampistaWest Ham UtdDimitri Payet
78%
DifensoreSouthamptonCédric
70%
AttaccanteFenerbahçeNani
70%
DifensoreArsenalLaurent Koscielny
65%
DifensoreSouthamptonJosé Fonte
61%
CentrocampistaSporting LisbonaAdrien Silva
57%
DifensoreManchester CityBacary Sagna
52%
CentrocampistaBenficaRenato Sanches
52%
DifensoreOlympique LioneSamuel Umtiti
52%
MedianoSporting LisbonaWilliam Carvalho
52%
CentrocampistaSporting LisbonaJoão Mário
48%
DifensoreLorientRaphaël Guerreiro
39%
CentrocampistaNewcastle UtdMoussa Sissoko
17%

Distribuzione punteggi

Percentile per numero di risposta

Percentuale di utenti per punteggio

I tuoi punteggi nel tempo

Non hai fatto questo quiz dall'ultimo reset